Word Ladder: Pulitzer Prize Winning Western Quiz Stats

 Plays Quiz Updated Sep 24, 2017

Challenge
Share
Tweet
Embed
Score 0/64 Timer 07:00
0 Plays Today
Clue 4-Letter Word % Correct
An ice cream holderCONE
99.3%
Old man's walking stickCANE
99.1%
★ Solitary or isolated ★★LONE★
98.3%
'Without a ___ in the world'CARE
97.7%
★ 1959 Monroe movie: '___ Like It Hot' ★★SOME★
96.4%
The bottom of a shoeSOLE
96.3%
A dark-red gemstoneRUBY
96.1%
This place wasn't built in a dayROME
96%
'When you ___ upon a star...'WISH
95.9%
To stand for a photographPOSE
95.9%
LaundryWASH
95.1%
China's is 'great'WALL
95.1%
Fail to hit the targetMISS
94.5%
• Former Texas Ranger and leader of the Hat Creek Outfit, Capt. Woodrow ___
Or contact someone over the phone
•CALL•
94.3%
Clothing to wear to the showerROBE
94.3%
Driver with the best qualifying time is in '___ position'POLE
94.3%
A place for sittingSEAT
93.9%
Paste that holds things togetherGLUE
93.9%
To scorch meatSEAR
93.6%
Float through the airSOAR
93%
First name of Red Sox great 'Yaz'CARL
92.8%
Someone who is easily dupedRUBE
92.6%
Well-organized and cleanNEAT
92.5%
Paired with 'box', a bar's music boxJUKE
92.3%
Popular candy: '___ Patch Kids'SOUR
92.3%
Feeling sadGLUM
91.9%
• Arkansas Sheriff hunting down [10], ___ Johnson •
Or the seventh month
•JULY•
91.7%
PigstyMESS
91.6%
• Murderous Cherokee bandit and nemesis of the Hat Creek Outfit, ___ [58] •
Or color associated with depression
•BLUE•
91.6%
Common nickname for RichardDICK
91.3%
IllSICK
90.9%
Textile created by insects and arachnidsSILK
90.8%
Clue 4-Letter Word % Correct
Shelf beneath a windowSILL
90.6%
FancyPOSH
89.9%
★ A white bird of peace ★★DOVE★
89.5%
Obedient or orderlyRULY
89.4%
Throw something down with force, like a professional wrestler might do to his opponentSLAM
89.1%
Celebration of one's life following deathWAKE
89%
A large slice or woundGASH
88.9%
George Jetson's daughterJUDY
88.9%
David Bowie's rock genreGLAM
88.8%
To exchange an object or a service for moneySELL
88.7%
• Murderous Cherokee bandit and nemesis of the Hat Creek Outfit, [46] ___
Or animal that quacks
•DUCK•
88.4%
1967: 'The Summer of ___'LOVE
88.1%
• Texas Ranger turned bandit outlaw, ___ Spoon •
Or boxer who was subject of 'Raging Bull', LaMotta
•JAKE•
87.9%
A shoe fastenerLACE
87.9%
'Untouchable' EliotNESS
87.7%
Relative of 'gee' or 'golly'GOSH
87.2%
• African-American Ranger turned scout, ___ Deets •
Or 'No Country For Old Men' actor Brolin
•JOSH•
86.9%
To be withoutLACK
86.3%
Thomas Hardy's 'Obscure' characterJUDE
86.3%
1994 'Kiss From a Rose' artistSEAL
86%
Clean with soap and waterLAVE
86%
• Experienced cowhand and Hat Creek Outfit herd point-man, ___ Boggett •
Or singular component of a multi-course meal
•DISH•
85.8%
A dirty or racist wordSLUR
85.6%
Something indistinct or hazyBLUR
85.6%
A stitchSEAM
85.5%
A wooden ship's side plankWALE
84.5%
Indianapolis QB AndrewLUCK
84.4%
Besmirch the reputation ofDISS
83.9%
'All the ___ That's Fit to Print'NEWS
81.9%
• Young, naive first-time cow herder and unknowing son of [6] •
Or Monty Python joke: 'She turned me into a ___!'
•NEWT•
79.7%
'Buffy the Vampire Slayer' creator WhedonJOSS
66.6%
Porter who headed the CIAGOSS
63.3%

Today's Daily Dose

Missing Word
'F' Pairs

Word Ladder
Mixed Synonyms

On This Day
August 15th II

You're not logged in!

Compare scores with friends on all Sporcle quizzes.
Join for Free
OR
Log In

You Might Also Like...

Show Comments

Extras

Top Quizzes Today


Score Distribution

Your Account Isn't Verified!

In order to create a playlist on Sporcle, you need to verify the email address you used during registration. Go to your Sporcle Settings to finish the process.

Report this User

Report this user for behavior that violates our Community Guidelines.

Details: